[Event "TUR-chT"]
[Site "Kocaeli"]
[Date "2014.08.21"]
[Round "4.5"]
[White "Zhigalko, Sergei"]
[Black "Alekseev, Evgeny V"]
[Result "1/2-1/2"]
[WhiteElo "2678"]
[BlackElo "2675"]
[PlyCount "82"]
[EventDate "2014.08.18"]
[EventType "team-tourn"]
[EventRounds "13"]
[EventCountry "TUR"]
[SourceTitle "CBM 162 Extra"]
[Source "ChessBase"]
[SourceDate "2014.10.17"]
[SourceVersion "1"]
[SourceVersionDate "2014.10.17"]
[SourceQuality "1"]
[WhiteTeam "Kahramanmaras Buyuksehir"]
[BlackTeam "Antalya Calli"]
[WhiteTeamCountry "TUR"]
[BlackTeamCountry "TUR"]

1. e4 e5 2. Nf3 Nc6 3. Bb5 Nf6 4. O-O Nxe4 5. Re1 Nd6 6. Nxe5 Be7 7. Bf1 Nf5 8. Nf3 d5 9. d4 O-O 10. c3 Nh4 11. Nxh4 Bxh4 12. Bd3 Bf6 13. Bf4 Ne7 14. Nd2 c6 15. h3 Bd7 16. Nf3 Ng6 17. Bg3 Re8 18. Qc2 Rxe1+ 19. Rxe1 Qa5 20. b4 Qb6 21. Ne5 Re8 22. Re3 Bxe5 23. Bxe5 Qd8 24. Bg3 Rxe3 25. fxe3 Qg5 26. Qf2 b5 27. Kh2 h6 28. Bd6 Be6 29. g4 Nf8 30. Bg3 Ng6 31. Bb8 a6 32. Qg3 Nf8 33. Bf4 Qd8 34. Bc7 Qg5 35. Bc2 Nd7 36. a3 Qe7 37. Bd6 Qd8 38. Be5 Qg5 39. Bf4 Qe7 40. Bd6 Qd8 41. Bc7 Qe7 1/2-1/2

[Event "TUR-chT"]
[Site "Kocaeli"]
[Date "2014.08.22"]
[Round "5.2"]
[White "Mamedov, Nidjat"]
[Black "Zhigalko, Sergei"]
[Result "1/2-1/2"]
[WhiteElo "2624"]
[BlackElo "2678"]
[PlyCount "25"]
[EventDate "2014.08.18"]
[EventType "team-tourn"]
[EventRounds "13"]
[EventCountry "TUR"]
[SourceTitle "CBM 162 Extra"]
[Source "ChessBase"]
[SourceDate "2014.10.17"]
[SourceVersion "1"]
[SourceVersionDate "2014.10.17"]
[SourceQuality "1"]
[WhiteTeam "Mersin Ezgi"]
[BlackTeam "Kahramanmaras Buyuksehir"]
[WhiteTeamCountry "TUR"]
[BlackTeamCountry "TUR"]

1. e4 c5 2. Nf3 Nc6 3. d4 cxd4 4. Nxd4 Nf6 5. Nc3 e5 6. Ndb5 d6 7. Bg5 a6 8. Na3 b5 9. Nd5 Be7 10. Bxf6 Bxf6 11. c3 Bg5 12. Nc2 Ne7 13. Ncb4 1/2-1/2

[Event "TUR-chT"]
[Site "Kocaeli"]
[Date "2014.08.22"]
[Round "6.4"]
[White "Zhigalko, Sergei"]
[Black "Harikrishna, Pentala"]
[Result "1/2-1/2"]
[WhiteElo "2678"]
[BlackElo "2725"]
[PlyCount "155"]
[EventDate "2014.08.18"]
[EventType "team-tourn"]
[EventRounds "13"]
[EventCountry "TUR"]
[SourceTitle "CBM 162 Extra"]
[Source "ChessBase"]
[SourceDate "2014.10.17"]
[SourceVersion "1"]
[SourceVersionDate "2014.10.17"]
[SourceQuality "1"]
[WhiteTeam "Kahramanmaras Buyuksehir"]
[BlackTeam "Istanbul Teknik Uni"]
[WhiteTeamCountry "TUR"]
[BlackTeamCountry "TUR"]

1. e4 e5 2. Nf3 Nc6 3. Bc4 Bc5 4. O-O Nf6 5. d3 O-O 6. Nbd2 d6 7. c3 h6 8. b4 Bb6 9. Bb3 Ne7 10. Nc4 Be6 11. a4 c6 12. Nxb6 Bxb3 13. Qxb3 axb6 14. Be3 Ng6 15. a5 b5 16. Rfe1 Qd7 17. Rad1 Rfe8 18. Nd2 Nh5 19. f3 Nhf4 20. d4 d5 21. Qc2 exd4 22. cxd4 dxe4 23. fxe4 Qg4 24. Bxf4 Nxf4 25. Nf3 Rad8 26. Kh1 Ng6 27. Rd2 Rd6 28. Rde2 Rf6 29. Re3 Qd7 30. Qc5 Rfe6 31. Kg1 R6e7 32. Qc3 Qd6 33. Nd2 Nf4 34. Nb3 Qg6 35. g3 Qg5 36. Qc5 Nd5 37. R3e2 Qg6 38. Nd2 Nf4 39. Re3 Nh3+ 40. Kg2 Ng5 41. Qc2 Qd6 42. Qc3 Rd8 43. Nb3 f5 44. Qc5 Nxe4 45. Qxd6 Rxd6 46. Ra1 Kh7 47. a6 bxa6 48. Rxa6 Ree6 49. Kf3 g5 50. Nc5 Nd2+ 51. Ke2 Rxe3+ 52. Kxe3 Nf1+ 53. Kd3 Nxh2 54. Nb7 Rd7 55. Na5 f4 56. gxf4 gxf4 57. Nxc6 f3 58. Ne5 Rg7 59. Ke3 Rg2 60. Rf6 Re2+ 61. Kd3 Rb2 62. Ke3 h5 63. Rf5 Kh6 64. d5 Ng4+ 65. Nxg4+ hxg4 66. d6 Re2+ 67. Kf4 Kg6 68. d7 Rd2 69. Kxg4 Rd4+ 70. Rf4 Rxf4+ 71. Kxf4 f2 72. d8=Q f1=Q+ 73. Ke3 Qe1+ 74. Kf3 Qxb4 75. Ke2 Qc5 76. Kd3 b4 77. Qd4 Qxd4+ 78. Kxd4 1/2-1/2

[Event "TUR-chT"]
[Site "Kocaeli"]
[Date "2014.08.23"]
[Round "7.3"]
[White "Dubov, Daniil"]
[Black "Zhigalko, Sergei"]
[Result "1-0"]
[WhiteElo "2614"]
[BlackElo "2678"]
[PlyCount "89"]
[EventDate "2014.08.18"]
[EventType "team-tourn"]
[EventRounds "13"]
[EventCountry "TUR"]
[SourceTitle "CBM 162 Extra"]
[Source "ChessBase"]
[SourceDate "2014.10.17"]
[SourceVersion "1"]
[SourceVersionDate "2014.10.17"]
[SourceQuality "1"]
[WhiteTeam "Ankara Demirspor"]
[BlackTeam "Kahramanmaras Buyuksehir"]
[WhiteTeamCountry "TUR"]
[BlackTeamCountry "TUR"]

1. d4 Nf6 2. c4 e6 3. Nf3 b6 4. Bf4 Bb7 5. e3 d5 6. Nc3 Bd6 7. Bxd6 Qxd6 8. Qa4+ c6 9. cxd5 exd5 10. Be2 O-O 11. O-O Nbd7 12. Ba6 b5 13. Qa5 Bxa6 14. Qxa6 Qc7 15. Ne2 Qb6 16. Qa3 b4 17. Qa4 c5 18. Nf4 Rfd8 19. Nd3 Ne4 20. Rfc1 a5 21. dxc5 Ndxc5 22. Qd1 Ne6 23. Nde5 d4 24. Qc2 Nf6 25. Nc6 d3 26. Qc4 Rd7 27. Nfe5 d2 28. Rd1 Rc7 29. Rxd2 Qa6 30. Rc1 Qxc4 31. Rxc4 Kf8 32. Kf1 Ke8 33. Ke2 Ra6 34. Rd6 Ra8 35. f4 g6 36. Nxf7 Kxf7 37. Ne5+ Ke7 38. Rxe6+ Kxe6 39. Rxc7 a4 40. Rc6+ Ke7 41. Rc4 b3 42. a3 Nd5 43. Nd3 Kd6 44. Rd4 Kc6 45. Ne5+ 1-0

[Event "TUR-chT"]
[Site "Kocaeli"]
[Date "2014.08.26"]
[Round "9.1"]
[White "Mchedlishvili, Mikheil"]
[Black "Zhigalko, Sergei"]
[Result "1/2-1/2"]
[WhiteElo "2618"]
[BlackElo "2678"]
[PlyCount "26"]
[EventDate "2014.08.18"]
[EventType "team-tourn"]
[EventRounds "13"]
[EventCountry "TUR"]
[SourceTitle "CBM 162 Extra"]
[Source "ChessBase"]
[SourceDate "2014.10.17"]
[SourceVersion "1"]
[SourceVersionDate "2014.10.17"]
[SourceQuality "1"]
[WhiteTeam "Tarsus Zeka"]
[BlackTeam "Kahramanmaras Buyuksehir"]
[WhiteTeamCountry "TUR"]
[BlackTeamCountry "TUR"]

1. Nf3 Nf6 2. c4 e6 3. g3 d5 4. d4 Be7 5. Bg2 O-O 6. O-O dxc4 7. Qc2 a6 8. Qxc4 b5 9. Qc2 Bb7 10. Bg5 Nbd7 11. Nbd2 Rc8 12. Bxf6 Nxf6 13. Nb3 c5 1/2-1/2

[Event "TUR-chT"]
[Site "Kocaeli"]
[Date "2014.08.26"]
[Round "10.1"]
[White "Zhigalko, Sergei"]
[Black "Ding, Liren"]
[Result "1-0"]
[WhiteElo "2678"]
[BlackElo "2742"]
[PlyCount "61"]
[EventDate "2014.08.18"]
[EventType "team-tourn"]
[EventRounds "13"]
[EventCountry "TUR"]
[SourceTitle "CBM 162 Extra"]
[Source "ChessBase"]
[SourceDate "2014.10.17"]
[SourceVersion "1"]
[SourceVersionDate "2014.10.17"]
[SourceQuality "1"]
[WhiteTeam "Kahramanmaras Buyuksehir"]
[BlackTeam "TS Alyans"]
[WhiteTeamCountry "TUR"]
[BlackTeamCountry "TUR"]

1. e4 c6 2. d4 d5 3. e5 Bf5 4. Nf3 e6 5. Be2 Ne7 6. O-O Nd7 7. Nbd2 h6 8. Nb3 g5 9. h4 Ng6 10. h5 Ne7 11. Nh2 c5 12. c3 Nc6 13. Be3 Qc7 14. Bg4 Bh7 15. f4 gxf4 16. Rxf4 c4 17. Nc1 Ndxe5 18. dxe5 Qxe5 19. Qd2 Qg7 20. Bh3 Bd6 21. Rg4 Qe5 22. Nf3 Qxh5 23. Rh4 Qg6 24. Ne2 O-O-O 25. Rf1 Kb8 26. Ned4 Qd3 27. Qf2 Rd7 28. Nxc6+ bxc6 29. Bf4 Bxf4 30. Rxf4 Qc2 31. Ne5 1-0

[Event "TUR-chT"]
[Site "Kocaeli"]
[Date "2014.08.27"]
[Round "11.5"]
[White "Cheparinov, Ivan"]
[Black "Zhigalko, Sergei"]
[Result "1-0"]
[WhiteElo "2681"]
[BlackElo "2678"]
[PlyCount "77"]
[EventDate "2014.08.18"]
[EventType "team-tourn"]
[EventRounds "13"]
[EventCountry "TUR"]
[SourceTitle "CBM 162 Extra"]
[Source "ChessBase"]
[SourceDate "2014.10.17"]
[SourceVersion "1"]
[SourceVersionDate "2014.10.17"]
[SourceQuality "1"]
[WhiteTeam "Turk Hava Yollari"]
[BlackTeam "Kahramanmaras Buyuksehir"]
[WhiteTeamCountry "TUN"]
[BlackTeamCountry "TUR"]

1. d4 Nf6 2. c4 e6 3. Nf3 b6 4. g3 Ba6 5. Qb3 Nc6 6. Nbd2 Na5 7. Qa4 c5 8. e4 Bb7 9. d5 exd5 10. cxd5 a6 11. Bg2 b5 12. Qc2 Be7 13. O-O d6 14. b3 O-O 15. Bb2 Nd7 16. Rfe1 Bf6 17. Bxf6 Nxf6 18. Rac1 Re8 19. Qb2 Nd7 20. a3 Rc8 21. b4 cxb4 22. Rxc8 Bxc8 23. axb4 Nb7 24. Ra1 Qb6 25. Rc1 a5 26. Nd4 axb4 27. Qxb4 Nbc5 28. Qxb5 Qa7 29. Nf5 Qa3 30. Rb1 Ba6 31. Qb2 Qxb2 32. Rxb2 Nb7 33. Nc4 Bxc4 34. Rxb7 Nc5 35. Nxd6 Ra8 36. Rb1 Bd3 37. Rc1 f6 38. f4 Ra5 39. e5 1-0

[Event "TUR-chT"]
[Site "Kocaeli"]
[Date "2014.08.28"]
[Round "12.1"]
[White "Zhigalko, Sergei"]
[Black "Inarkiev, Ernesto"]
[Result "1/2-1/2"]
[WhiteElo "2678"]
[BlackElo "2666"]
[PlyCount "58"]
[EventDate "2014.08.18"]
[EventType "team-tourn"]
[EventRounds "13"]
[EventCountry "TUR"]
[SourceTitle "CBM 162 Extra"]
[Source "ChessBase"]
[SourceDate "2014.10.17"]
[SourceVersion "1"]
[SourceVersionDate "2014.10.17"]
[SourceQuality "1"]
[WhiteTeam "Kahramanmaras Buyuksehir"]
[BlackTeam "Denizsu Aquamatch"]
[WhiteTeamCountry "TUR"]
[BlackTeamCountry "TUR"]

1. e4 c5 2. Nf3 e6 3. c3 Nf6 4. e5 Nd5 5. d4 cxd4 6. cxd4 d6 7. Bc4 Be7 8. O-O O-O 9. Bd2 b6 10. Nc3 Nxc3 11. Bxc3 Ba6 12. Qe2 Bxc4 13. Qxc4 Qc8 14. Qe2 dxe5 15. dxe5 Na6 16. Bd2 Nc7 17. Rac1 Qd7 18. Rc4 Rfc8 19. h4 Nd5 20. Rfc1 h6 21. h5 a5 22. a3 a4 23. Ne1 Rc5 24. Rg4 Rxc1 25. Bxc1 Kh8 26. Rg3 Bh4 27. Rg4 Be7 28. Rg3 Bh4 29. Rg4 Be7 1/2-1/2

[Event "Baku op"]
[Site "Baku"]
[Date "2014.09.23"]
[Round "2"]
[White "Zhigalko, Sergei"]
[Black "Zanan, Evgeny"]
[Result "1-0"]
[WhiteElo "2677"]
[BlackElo "2303"]
[PlyCount "73"]
[EventDate "2014.09.22"]
[EventType "swiss"]
[EventRounds "9"]
[EventCountry "AZE"]
[SourceTitle "CBM 162 Extra"]
[Source "ChessBase"]
[SourceDate "2014.10.17"]
[SourceVersion "1"]
[SourceVersionDate "2014.10.17"]
[SourceQuality "1"]

1. e4 c5 2. Nf3 d6 3. d4 cxd4 4. Nxd4 Nf6 5. Nc3 a6 6. Be3 e5 7. Nb3 Be6 8. Qd2 Nbd7 9. O-O-O b5 10. f3 h5 11. Kb1 Be7 12. g3 Rc8 13. h3 Qc7 14. Rh2 Nb6 15. g4 Nfd7 16. Qg2 h4 17. f4 Nc4 18. Bxc4 bxc4 19. f5 cxb3 20. axb3 Bxb3 21. cxb3 Qb7 22. Qc2 Nc5 23. Bxc5 Rxc5 24. Rf2 Bg5 25. Rxd6 O-O 26. Rd5 Rfc8 27. Rxc5 Rxc5 28. Re2 Rc8 29. Re1 Rb8 30. Ka2 Qb4 31. Rd1 Qa5+ 32. Na4 Be3 33. Rd5 Qe1 34. Qc3 Qf2 35. Qxe5 Rc8 36. Rd7 Bg5 37. Rxf7 1-0

[Event "Baku op"]
[Site "Baku"]
[Date "2014.09.24"]
[Round "3"]
[White "Golubov, Saveliy"]
[Black "Zhigalko, Sergei"]
[Result "1/2-1/2"]
[WhiteElo "2347"]
[BlackElo "2677"]
[PlyCount "71"]
[EventDate "2014.09.22"]
[EventType "swiss"]
[EventRounds "9"]
[EventCountry "AZE"]
[SourceTitle "CBM 162 Extra"]
[Source "ChessBase"]
[SourceDate "2014.10.17"]
[SourceVersion "1"]
[SourceVersionDate "2014.10.17"]
[SourceQuality "1"]

1. e4 c5 2. Nf3 d6 3. d4 cxd4 4. Nxd4 Nf6 5. Nc3 a6 6. Be2 Nbd7 7. f4 g6 8. O-O Bg7 9. Be3 O-O 10. Bf3 Re8 11. Nb3 h5 12. Kh1 Qc7 13. Qe2 e5 14. f5 b5 15. a3 Bb7 16. Qf2 Rac8 17. Rad1 Kh7 18. Qh4 Bh6 19. Bxh6 Kxh6 20. fxg6 fxg6 21. Bxh5 Nxh5 22. g4 Qd8 23. Qxd8 Rcxd8 24. gxh5 Nc5 25. Nxc5 dxc5 26. Rxd8 Rxd8 27. Rf7 b4 28. axb4 cxb4 29. Rxb7 bxc3 30. bxc3 Kxh5 31. Re7 Kg4 32. Rxe5 Rd1+ 33. Kg2 Rd2+ 34. Kg1 Kf3 35. h4 Rd1+ 36. Kh2 1/2-1/2

[Event "Baku op"]
[Site "Baku"]
[Date "2014.09.25"]
[Round "4"]
[White "Zhigalko, Sergei"]
[Black "Abdulov, Orkhan Javanshir"]
[Result "1-0"]
[WhiteElo "2677"]
[BlackElo "2344"]
[PlyCount "77"]
[EventDate "2014.09.22"]
[EventType "swiss"]
[EventRounds "9"]
[EventCountry "AZE"]
[SourceTitle "CBM 162 Extra"]
[Source "ChessBase"]
[SourceDate "2014.10.17"]
[SourceVersion "1"]
[SourceVersionDate "2014.10.17"]
[SourceQuality "1"]

1. e4 c5 2. Nf3 b6 3. d4 cxd4 4. Nxd4 Bb7 5. Nc3 g6 6. Be3 Bg7 7. Qd2 Nf6 8. f3 Nc6 9. O-O-O h5 10. Bc4 Ne5 11. Bb3 Rc8 12. Bf4 Nc4 13. Qd3 Na5 14. e5 Nxb3+ 15. axb3 Nd5 16. Nxd5 Bxd5 17. Rhe1 O-O 18. Kb1 a6 19. Bg5 Rc5 20. f4 f6 21. exf6 exf6 22. Bh4 Bf7 23. f5 gxf5 24. b4 Rc4 25. Nxf5 Rxb4 26. Re7 d5 27. h3 Qb8 28. Re3 Kh8 29. Bg3 Qc8 30. Bd6 Bg6 31. g4 Rc4 32. Bxf8 Bxf8 33. Rde1 hxg4 34. hxg4 Rxg4 35. Rh3+ Kg8 36. Qxd5+ Bf7 37. Rh8+ Kxh8 38. Qxf7 Qa8 39. Qh5+ 1-0

[Event "BLR-ch 81st"]
[Site "Minsk"]
[Date "2015.01.12"]
[Round "1"]
[White "Zhigalko, Sergei"]
[Black "Filipets, Egor"]
[Result "1-0"]
[WhiteElo "2681"]
[BlackElo "2240"]
[PlyCount "49"]
[EventDate "2015.01.12"]
[EventType "tourn"]
[EventRounds "11"]
[EventCountry "BLR"]
[EventCategory "8"]
[SourceTitle "CBM 164 Extra"]
[Source "ChessBase"]
[SourceDate "2015.03.02"]
[SourceVersion "1"]
[SourceVersionDate "2015.03.02"]
[SourceQuality "1"]

1. e4 d6 2. d4 Nf6 3. Nc3 g6 4. Bg5 Bg7 5. Qd2 h6 6. Bf4 g5 7. Be3 Ng4 8. O-O-O c6 9. h4 Nxe3 10. Qxe3 g4 11. f4 b5 12. e5 O-O 13. Bd3 f5 14. exf6 exf6 15. f5 Re8 16. Qg3 h5 17. Nge2 b4 18. Ne4 Ba6 19. Qxd6 Qxd6 20. Nxd6 Rxe2 21. Bxe2 Bxe2 22. Rde1 Bf8 23. Ne8 Kf7 24. Rxe2 Na6 25. Rhe1 1-0

[Event "BLR-ch 81st"]
[Site "Minsk"]
[Date "2015.01.13"]
[Round "2"]
[White "Zhigalko, Sergei"]
[Black "Kocheev, Aleksandr"]
[Result "1-0"]
[WhiteElo "2681"]
[BlackElo "2374"]
[PlyCount "79"]
[EventDate "2015.01.12"]
[EventType "tourn"]
[EventRounds "11"]
[EventCountry "BLR"]
[EventCategory "8"]
[SourceTitle "CBM 164 Extra"]
[Source "ChessBase"]
[SourceDate "2015.03.02"]
[SourceVersion "1"]
[SourceVersionDate "2015.03.02"]
[SourceQuality "1"]

1. e4 e5 2. Nf3 Nc6 3. Bc4 Bc5 4. O-O Nf6 5. d3 d6 6. c3 O-O 7. Nbd2 a6 8. Bb3 h6 9. Re1 Re8 10. Nf1 Ba7 11. Ng3 Be6 12. Be3 Bxe3 13. fxe3 d5 14. exd5 Bxd5 15. e4 Bxb3 16. axb3 Qd7 17. Qc2 Rad8 18. Rad1 Qg4 19. Nf5 Nh5 20. Kh1 Nf4 21. Re3 Qg6 22. Rf1 Ne6 23. Nd2 Qh7 24. Rg3 Ne7 25. Nc4 Ng6 26. Na5 Rb8 27. b4 b5 28. d4 Rb6 29. d5 Nef4 30. Nc6 Nh5 31. Rgf3 Ngf4 32. g3 Ng6 33. Qe2 Nf6 34. Nxg7 Qxg7 35. Rxf6 Nf4 36. gxf4 Qxf6 37. fxe5 Qh4 38. Qg2+ Kh8 39. Rg1 Qg5 40. Qf2 1-0

[Event "BLR-ch 81st"]
[Site "Minsk"]
[Date "2015.01.14"]
[Round "3"]
[White "Ziaziulkina, Nastassia"]
[Black "Zhigalko, Sergei"]
[Result "1/2-1/2"]
[WhiteElo "2429"]
[BlackElo "2681"]
[PlyCount "40"]
[EventDate "2015.01.12"]
[EventType "tourn"]
[EventRounds "11"]
[EventCountry "BLR"]
[EventCategory "8"]
[SourceTitle "CBM 164 Extra"]
[Source "ChessBase"]
[SourceDate "2015.03.02"]
[SourceVersion "1"]
[SourceVersionDate "2015.03.02"]
[SourceQuality "1"]

1. e4 e5 2. Nf3 Nc6 3. Bb5 a6 4. Ba4 Nf6 5. O-O Be7 6. Re1 b5 7. Bb3 d6 8. c3 O-O 9. d4 Bg4 10. Be3 exd4 11. cxd4 Na5 12. Bc2 c5 13. h3 Bh5 14. dxc5 dxc5 15. Nc3 Nc4 16. e5 Nxe5 17. g4 Nxf3+ 18. Qxf3 Bg6 19. Bxg6 fxg6 20. a4 bxa4 1/2-1/2

[Event "BLR-ch 81st"]
[Site "Minsk"]
[Date "2015.01.15"]
[Round "4"]
[White "Zhigalko, Sergei"]
[Black "Katashuk, V."]
[Result "1-0"]
[WhiteElo "2681"]
[BlackElo "2191"]
[PlyCount "99"]
[EventDate "2015.01.12"]
[EventType "tourn"]
[EventRounds "11"]
[EventCountry "BLR"]
[EventCategory "8"]
[SourceTitle "CBM 164 Extra"]
[Source "ChessBase"]
[SourceDate "2015.03.02"]
[SourceVersion "1"]
[SourceVersionDate "2015.03.02"]
[SourceQuality "1"]

1. e4 e5 2. Nf3 Nc6 3. Bb5 f5 4. Nc3 fxe4 5. Nxe4 Nf6 6. Qe2 Qe7 7. O-O d5 8. Ng3 e4 9. Nd4 Bd7 10. Bxc6 bxc6 11. d3 c5 12. Ndf5 Bxf5 13. Nxf5 Qe5 14. Ng3 Bd6 15. dxe4 dxe4 16. Qc4 O-O-O 17. Re1 Rhe8 18. Qa6+ Kd7 19. Qb5+ Ke7 20. c3 h5 21. h4 Kf8 22. Bg5 Rb8 23. Qe2 Kg8 24. Rad1 Qe6 25. Bxf6 Bxg3 26. Bg5 Bd6 27. b3 Qe5 28. Qc4+ Kh8 29. g3 Qf5 30. Rd5 Qf3 31. Re3 Qg4 32. Kg2 Re6 33. Qe2 Qxe2 34. Rxe2 Rbe8 35. Bf4 g6 36. Bxd6 cxd6 37. Red2 e3 38. fxe3 Rxe3 39. Rxd6 c4 40. bxc4 Rxc3 41. Rxg6 Rxc4 42. Rd5 Kh7 43. Ra6 Rc2+ 44. Kh3 Ree2 45. Rxh5+ Kg8 46. Rg5+ Kh7 47. Rxa7+ Kh6 48. Ra6+ Kh7 49. a4 Ra2 50. Kg4 1-0

[Event "BLR-ch 81st"]
[Site "Minsk"]
[Date "2015.01.17"]
[Round "6"]
[White "Zhigalko, Sergei"]
[Black "Aleksandrov, Aleksej"]
[Result "1/2-1/2"]
[WhiteElo "2681"]
[BlackElo "2596"]
[PlyCount "111"]
[EventDate "2015.01.12"]
[EventType "tourn"]
[EventRounds "11"]
[EventCountry "BLR"]
[EventCategory "8"]
[SourceTitle "CBM 164 Extra"]
[Source "ChessBase"]
[SourceDate "2015.03.02"]
[SourceVersion "1"]
[SourceVersionDate "2015.03.02"]
[SourceQuality "1"]

1. e4 e5 2. Nf3 Nc6 3. Bb5 Nf6 4. d3 d6 5. O-O Be7 6. c3 O-O 7. Re1 Bd7 8. Nbd2 h6 9. Nf1 Re8 10. Ng3 Bf8 11. h3 a6 12. Ba4 b5 13. Bc2 d5 14. d4 dxe4 15. Nxe5 Nxe5 16. dxe5 Rxe5 17. Bf4 Rd5 18. Qe2 c5 19. Nxe4 Bf5 20. a4 Nxe4 21. Bxe4 Bxe4 22. Qxe4 Rc8 23. axb5 axb5 24. Ra7 Rd7 25. Rb7 b4 26. c4 Rxb7 27. Qxb7 Ra8 28. b3 Ra3 29. Qb5 Be7 30. Qc6 Ra7 31. Re5 Qd7 32. Qe4 Qb7 33. Rd5 Qa6 34. g4 Qg6 35. Rf5 Bf8 36. Kg2 h5 37. Bg3 hxg4 38. hxg4 Rd7 39. Qa8 Qb6 40. Rd5 Ra7 41. Qc8 Qe6 42. Rd8 Qxc8 43. Rxc8 Ra6 44. Kf3 f6 45. Ke4 Kf7 46. Rc7+ Kg6 47. Rc8 Kf7 48. Rc7+ Kg6 49. Rd7 Ra3 50. Rd3 Ra8 51. Bf4 Re8+ 52. Kf3 Kf7 53. Rd7+ Ke6 54. Ra7 Rd8 55. Ra6+ Kf7 56. Ra7+ 1/2-1/2

[Event "BLR-ch 81st"]
[Site "Minsk"]
[Date "2015.01.18"]
[Round "7"]
[White "Smolich, Pavel"]
[Black "Zhigalko, Sergei"]
[Result "1/2-1/2"]
[WhiteElo "2252"]
[BlackElo "2681"]
[PlyCount "94"]
[EventDate "2015.01.12"]
[EventType "tourn"]
[EventRounds "11"]
[EventCountry "BLR"]
[EventCategory "8"]
[SourceTitle "CBM 164 Extra"]
[Source "ChessBase"]
[SourceDate "2015.03.02"]
[SourceVersion "1"]
[SourceVersionDate "2015.03.02"]
[SourceQuality "1"]

1. d4 Nf6 2. c4 e6 3. Nf3 b6 4. g3 Ba6 5. b3 Bb4+ 6. Bd2 Be7 7. Bg2 d5 8. Nc3 c6 9. Ne5 Nfd7 10. Nxd7 Nxd7 11. a4 O-O 12. O-O Nf6 13. cxd5 cxd5 14. Bf4 Rc8 15. Nb5 Qd7 16. Qd3 Ne4 17. Bxe4 dxe4 18. Qxe4 Bb7 19. Qd3 a6 20. Na3 Rfd8 21. Nc4 b5 22. axb5 axb5 23. Ne5 Qd5 24. f3 f6 25. Ng4 Qxd4+ 26. Qxd4 Rxd4 27. Be3 Rd7 28. Rfc1 Rxc1+ 29. Rxc1 Bd5 30. Rc3 Kf7 31. Rd3 h5 32. Nf2 Rc7 33. Bf4 Ra7 34. e4 Bc6 35. Bd6 Ra1+ 36. Kg2 Rb1 37. Bxe7 Kxe7 38. Rc3 Kd6 39. Nd3 g5 40. Kf2 Rh1 41. h4 gxh4 42. Kg2 Rb1 43. gxh4 e5 44. Nb4 Bb7 45. Kg3 Ke6 46. Nc2 Rg1+ 47. Kf2 Rg8 1/2-1/2

[Event "BLR-ch 81st"]
[Site "Minsk"]
[Date "2015.01.19"]
[Round "8"]
[White "Zhigalko, Sergei"]
[Black "Harshkou, Mikita"]
[Result "1-0"]
[WhiteElo "2681"]
[BlackElo "2238"]
[PlyCount "55"]
[EventDate "2015.01.12"]
[EventType "tourn"]
[EventRounds "11"]
[EventCountry "BLR"]
[EventCategory "8"]
[SourceTitle "CBM 164 Extra"]
[Source "ChessBase"]
[SourceDate "2015.03.02"]
[SourceVersion "1"]
[SourceVersionDate "2015.03.02"]
[SourceQuality "1"]

1. d4 e6 2. Nf3 f5 3. g3 Nf6 4. Bg2 Be7 5. O-O O-O 6. c4 Ne4 7. Nc3 Bf6 8. Qc2 Nxc3 9. bxc3 d6 10. e4 fxe4 11. Qxe4 Nc6 12. Rb1 Kh8 13. Be3 e5 14. Rb2 Qe8 15. h3 Qf7 16. Qd3 Be7 17. dxe5 dxe5 18. Nd2 Rd8 19. Qe2 Bf5 20. Rxb7 Bd3 21. Qg4 Bxf1 22. Nxf1 h5 23. Qe2 Qg6 24. Nd2 Rd7 25. Be4 Qe6 26. Qxh5+ Kg8 27. Bh7+ Kf8 28. Bf5 1-0

[Event "BLR-ch 81st"]
[Site "Minsk"]
[Date "2015.01.20"]
[Round "9"]
[White "Stupak, Kirill"]
[Black "Zhigalko, Sergei"]
[Result "1/2-1/2"]
[WhiteElo "2557"]
[BlackElo "2681"]
[PlyCount "70"]
[EventDate "2015.01.12"]
[EventType "tourn"]
[EventRounds "11"]
[EventCountry "BLR"]
[EventCategory "8"]
[SourceTitle "CBM 164 Extra"]
[Source "ChessBase"]
[SourceDate "2015.03.02"]
[SourceVersion "1"]
[SourceVersionDate "2015.03.02"]
[SourceQuality "1"]

1. d4 Nf6 2. c4 e6 3. g3 Bb4+ 4. Bd2 Be7 5. Bg2 d5 6. Qc2 O-O 7. Nf3 b6 8. O-O c6 9. Bf4 Bb7 10. Rd1 Nbd7 11. Nc3 Rc8 12. Ne5 Nxe5 13. dxe5 Nd7 14. cxd5 cxd5 15. e4 d4 16. Rxd4 Qc7 17. Rad1 Nxe5 18. Qa4 Bf6 19. Nb5 Bc6 20. Nxc7 Bxa4 21. Rxa4 Rxc7 22. Rad4 g5 23. Bxe5 Bxe5 24. R4d2 Rfc8 25. Bf1 Rc1 26. Rxc1 Rxc1 27. Kg2 Kf8 28. Bb5 a5 29. h3 h5 30. a4 h4 31. gxh4 gxh4 32. Rd8+ Kg7 33. Be8 Rc2 34. Rd7 Rc7 35. Rxc7 Bxc7 1/2-1/2

[Event "BLR-ch 81st"]
[Site "Minsk"]
[Date "2015.01.21"]
[Round "10"]
[White "Zhigalko, Sergei"]
[Black "Kovalev, Vladislav"]
[Result "1-0"]
[WhiteElo "2681"]
[BlackElo "2548"]
[PlyCount "87"]
[EventDate "2015.01.12"]
[EventType "tourn"]
[EventRounds "11"]
[EventCountry "BLR"]
[EventCategory "8"]
[SourceTitle "CBM 164 Extra"]
[Source "ChessBase"]
[SourceDate "2015.03.02"]
[SourceVersion "1"]
[SourceVersionDate "2015.03.02"]
[SourceQuality "1"]

1. e4 e5 2. Nf3 Nc6 3. Bb5 a6 4. Ba4 Nf6 5. O-O Be7 6. Re1 b5 7. Bb3 d6 8. c3 O-O 9. h3 Na5 10. Bc2 c5 11. d4 Nd7 12. Nbd2 cxd4 13. cxd4 Nc6 14. Nb3 a5 15. Bd3 a4 16. Bxb5 Qb6 17. Bxc6 Qxc6 18. Nbd2 Bf6 19. Nf1 exd4 20. Nxd4 Qb6 21. Be3 Qxb2 22. Ng3 g6 23. Re2 Qb7 24. Rb1 Qa6 25. Nc2 Rb8 26. Rxb8 Nxb8 27. Nb4 Qb5 28. Nd5 Be5 29. Bh6 Rd8 30. f4 Bb2 31. Ne7+ Kh8 32. Nxc8 Rxc8 33. Qxd6 Bg7 34. Bxg7+ Kxg7 35. Qd4+ Kg8 36. Rb2 Qd7 37. Rd2 Qc7 38. e5 Qc1+ 39. Kh2 Nc6 40. Qe3 Ne7 41. f5 Nd5 42. Qh6 Kh8 43. Ne4 Qc4 44. Nd6 1-0

[Event "BLR-ch 81st"]
[Site "Minsk"]
[Date "2015.01.22"]
[Round "11"]
[White "Maiorov, Nikita"]
[Black "Zhigalko, Sergei"]
[Result "1/2-1/2"]
[WhiteElo "2596"]
[BlackElo "2681"]
[PlyCount "46"]
[EventDate "2015.01.12"]
[EventType "tourn"]
[EventRounds "11"]
[EventCountry "BLR"]
[EventCategory "8"]
[SourceTitle "CBM 164 Extra"]
[Source "ChessBase"]
[SourceDate "2015.03.02"]
[SourceVersion "1"]
[SourceVersionDate "2015.03.02"]
[SourceQuality "1"]

1. d4 Nf6 2. c4 e6 3. Nc3 Bb4 4. Qc2 O-O 5. a3 Bxc3+ 6. Qxc3 d6 7. g3 e5 8. dxe5 dxe5 9. Bg2 Re8 10. Nf3 Nc6 11. Be3 a5 12. O-O Qe7 13. b3 Bf5 14. Rfd1 h6 15. h3 Be4 16. Qb2 Rad8 17. Rac1 Rxd1+ 18. Rxd1 Rb8 19. Bf1 Qe6 20. Rc1 b5 21. cxb5 Rxb5 22. Nd2 Bd5 23. Qc2 Rb7 1/2-1/2